Città del Mondiale Francia 1938 - Statistics

Statistiche generali
  • Questo quiz è stato fatto 12 volte
  • Il punteggio medio è 7 su 10
Statistiche sulle risposte
con Immagini Risposta % Corretto
Lione
100%
Marsiglia
100%
Parigi
100%
Bordeaux
91%
Lilla
82%
Strasburgo
64%
Tolosa
64%
Le Havre
45%
Reims
45%
Antibes
36%
Nessun quiz corrispondente trovato
Distribuzione punteggi
Percentuale di utenti per punteggio
Percentile per numero di risposta
I tuoi punteggi nel tempo
Non hai fatto questo quiz